000 00930cam a2200289 a 4500
001 000558663
003 AM-YeHGA
005 20250617140256.0
008 940518s1995 nyu b 001 0 eng d
020 _a1883011035
040 _aAM-YeHGA
041 0 _aeng
100 1 _aPaine, Thomas,
_d1737-1809.
240 1 0 _aSelections.
_f1995
245 1 0 _aCollected writings /
_cThomas Paine.
260 _aNew York :
_bLibrary of America,
_c1995.
300 _a906 p. ;
_c21 cm.
440 4 _aThe library of America ;
_v76
504 _aIncludes bibliogr. references (p. 854-885) and index.
505 0 _aCommon sense - The crisis, and other pamphlets, articles, and letters - Rights of man - The age of reason.
650 0 _aPolitical science
740 0 _aCommon sense
740 0 _aThe crisis, and other pamphlets, articles, and letters
740 0 _aRights of man
740 0 _aThe age of reason
090 _c218452
999 _c216927
_d216927